| 000 | 00583nam a22001697a 4500 | ||
|---|---|---|---|
| 003 | OSt | ||
| 005 | 20260312113052.0 | ||
| 008 | 260312b |||||||| |||| 00| 0 eng d | ||
| 020 | _a047195980 | ||
| 040 | _cA WILEY / HAMILTON PUBLICATION | ||
| 050 |
_aHA 29 .W622 1977 _b.W622 1977 |
||
| 245 |
_aINTRODUCTORY STATISTICS FOR BUSINESS AND ECONOMICS/ _cWonnacott , Thomas H. |
||
| 250 | _a2nd ed. | ||
| 260 |
_aLondon: _bJohn Wiley and sons, _c1977 |
||
| 300 |
_axxii, 753 pages, _bhardcover, includes bibliographic index and references, _cill. : col ,23.3 cm |
||
| 942 |
_2lcc _cBK _e2nd ed. _n0 |
||
| 999 |
_c9975 _d9975 |
||